000 00864nam a2200265 i 4500
001 bg
100 1 _aPARKHURST, William R.
245 1 0 _aCisco BGP-4 command and configuration handbook :
_b[the comprehensive, hands-on guide to all Cisco IOS Software BGP-4 commands /
_cWilliam R. Parkhurst.
260 _aWest, Indianapolis :
_bCisco Press,
_c2001.
300 _aXXVI, 372 s. :
_bil. ;
_c25 cm.
490 1 _aCisco Systems
504 _aIndeks.
650 9 _aCisco
650 9 _aSieć komputerowa
655 _aPodręczniki
830 _aCisco Systems
020 _a158705017X
040 _cBPK
041 0 _apol
080 _a004.71/.73:004.77
920 _a1-58705-017-X
942 _cKS
008 s pl f |000 0 pol
999 _c42757
_d42757
856 _uhttp://koha.tu.koszalin.pl/cgi-bin/koha/opac-detail.pl?biblionumber=42757
_yKatalog online BPK